000 00622cam a2200217 a 4500
020 _a0256220557
040 _cDLC
082 0 0 _a005 LRW 1996 A005 Or.
100 1 _aClifford, Sarah Hutchinson.
245 1 0 _aMicrosoft Office professional for Windows 95 /
260 _aChicago :
_bIrwin,
_cc1996.
300 _a1 v. (various pagings) :
_bcol. ill. ;
_c28 cm.
500 _aIncludes indexes.
650 0 _aWord processing.
650 0 _aBusiness
650 0 _aElectronic spreadsheets.
650 0 _aPresentation graphics software.
650 0 _aDatabase management
700 1 _aCoulthard, Glen J.
942 _cEK
999 _c12918
_d12918